| Поле | Название | Значение |
| |
Тип записи |
i |
| |
Библиографический уровень |
m |
| 001 |
Контрольный номер |
RU/IS/BASE/369919830 |
| 005 |
Дата корректировки |
20201206204815.2 |
| 010 |
Индекс ISBN |
__ |
| d |
Цена |
303-78 |
| 101 |
Язык документа |
__ |
| a |
Язык текста |
rus |
| 200 |
Заглавие и сведения об ответственности |
1_ |
| a |
Заглавие |
Чисто английское убийство |
| e |
Сведения, относящиеся к заглавию |
[радиоспектакли по произведениям Агаты Кристи] |
| f |
Первые сведения об ответственности |
Агата Кристи ; [в ролях: Ирина Квитинская и др.] |
| b |
Общее обозначение материала |
Звукозапись |
| h |
Номер части |
CD 2 |
| 210 |
Выходные данные |
__ |
| a |
Место издания |
М. |
| c |
Издательство |
Гостелерадиофонд |
| c |
Издательство |
АРДИС |
| d |
Дата издания |
2007 |
| 215 |
Физическое описание |
__ |
| a |
Объем |
1 электрон. опт. диск (Audio CD) (1 ч. 23 мин.) |
| 225 |
Серия |
__ |
| a |
Серия |
Из архивов Гостелерадиофонда |
| 300 |
Общие примечания |
__ |
| a |
Общие примечания |
mp3 ; 250 Kbps ; 16 bit ; 44.1 kHz ; stereo |
| 323 |
Примечание о главных создателях, исполнителях, участниках |
__ |
| a |
Примечание о главных создателях, исполнителях, участниках |
Квитинская, И. |
| a |
Примечание о главных создателях, исполнителях, участниках |
Коваленко, Г. |
| a |
Примечание о главных создателях, исполнителях, участниках |
Бутенко, В. |
| a |
Примечание о главных создателях, исполнителях, участниках |
Форостенко |
| a |
Примечание о главных создателях, исполнителях, участниках |
Литвинова, Н. |
| a |
Примечание о главных создателях, исполнителях, участниках |
Маликова, И. |
| a |
Примечание о главных создателях, исполнителях, участниках |
Гребенщикова, Л. |
| a |
Примечание о главных создателях, исполнителях, участниках |
Жуков, В. |
| a |
Примечание о главных создателях, исполнителях, участниках |
Стремовский, В. |
| 327 |
Примечание о содержании |
__ |
| a |
Примечание о содержании |
Убийство за чашкой кофе : [радиоспектакль] |
| 327 |
Примечание о содержании |
__ |
| a |
Примечание о содержании |
Если вы молодая леди : [радиоспектакль] |
| 606 |
Тематические рубрики |
__ |
| a |
Основная рубрика |
Музыка и зрелищные искусства |
| 606 |
Тематические рубрики |
__ |
| a |
Основная рубрика |
Художественное радиовещание |
| 610 |
Ключевые слова |
__ |
| a |
Ключевые слова |
радиоспектакли; тема убийств; тема преступлений; тема приключений; тема любви; радиопостановки; английская литература; иностранная литература; зарубежная литература |
| 686 |
Индексы других классификаций |
__ |
| a |
Классификационный индекс |
85.38я04 |
| 700 |
Автор |
_1 |
| a |
Фамилия |
Кристи |
| b |
Имя |
А. |
| g |
Полное личное имя |
Агата |
| 4 |
Код отношения |
070 |
| 801 |
Источник записи |
_0 |
| a |
Страна |
RU |
| b |
Организация |
Муниципальное бюджетное учреждение культуры "Централизованная библиотечная система" г. Сургут (Центральная городская библиотека им. А. С. Пушкина) |
| g |
Правила каталогизации |
КиК/Поспелова |
| 801 |
Источник записи |
_1 |
| a |
Страна |
RU |
| b |
Организация |
Муниципальное бюджетное учреждение культуры "Централизованная библиотечная система" г. Сургут (Центральная городская библиотека им. А. С. Пушкина) |
| g |
Правила каталогизации |
КиК/Поспелова |
| 852 |
Данные о местонахождении |
__ |
| j |
Шифр хранения |
85.38я04 |
| i |
Авторский знак |
К 82 |
| 901 |
Тип документа |
__ |
| t |
Тип документа |
0 |
| 903 |
Характеристики (МАРС) |
__ |
| a |
Дата передачи |
20110921 |
| 969 |
Тип издания |
__ |
| a |
Тип издания |
аудиоспектакль |
| 990 |
Данные о заказе (DOS) |
__ |
| j |
Количество экземпляров (DOS) |
1 |
| h |
N записи в КСУ для Б/У (DOS) |
201110 |